000 00548nam a2200181Ia 4500
008 100920s9999 xx 000 0 und d
082 _b60110
_a--- थ 93
100 _aसोनवणी संजय.
245 _aवॉर टाइम.
260 _bपुष्प प्रकाशन लि., पुणे.
_c1993
300 _a144
_bसाधी
365 _b65
520 _aकादंबरी.
630 _aवॉर टाइम.
650 _aकादंबरी.
730 _aवॉर टाइम.
942 _cBOOK
999 _c703420
_d703417